Quiz o Honolulu - Statystyki

Ogólne statystyki
  • Ten quiz został rozwiązany 4 razy
  • Średni wynik to 4 z 15
Statystyki odpowiedzi
Wskazówka Odpowiedź % Poprawnych
Były prezydent USA, urodzony w Honolulu Barack Obama
100%
Archipelag na którym położone jest Honolulu Hawaje
100%
Państwo którego stolicą było Honolulu Królestwo {Hawajów}
67%
Wyspa na której leży Honolulu Oʻahu
67%
Państwo, z którego przylatuje najwięcej turystów do Honolulu Japonia
33%
Znana baza wojskowa, niedaleko Honolulu Pearl Harbor
33%
Lud który pierwszy osiedlił się na terenach Honolulu Polinezyjczycy
33%
Rok otrzymania praw miejskich 1907
0%
Numer kierunkowy 808
0%
Wygasły stożek wulkaniczny, znajdujący się w Honolulu Diamond Head
0%
Linia lotnicza z siedzibą w Honolulu {Hawaiian} Airlines
0%
Burmistrz miasta Kirk Caldwell
0%
Jedyny pałac królewski w Stanach Zjednoczonych Pałac {ʻIolani}
0%
Największa wyspa która w całości leży w Honolulu {Sand} Island
0%
Słynna plaża w Honolulu Waikiki
0%
Nie znaleziono quizów pasujących do podanych kryteriów
Rozkład punktacji
Procent ludzi z każdym wynikiem
Percentyl według liczby udzielonych odpowiedzi
Twoja historia wyników
Nie rozwiązałeś tego quizu